| 000 | 00568nam a2200205Ia 4500 | ||
|---|---|---|---|
| 005 | 20240306090856.0 | ||
| 008 | 131103s9999 xx 000 0 und d | ||
| 040 | _aLoreto College | ||
| 041 | _aEnglish | ||
| 082 |
_a371.26 _bMIL |
||
| 100 | _aMillman,Jason | ||
| 245 |
_aHow to Take Tests, _cJason Millman and Walter Pauk |
||
| 260 |
_aNew York _bMcGraw - Hill _c1969 |
||
| 300 |
_axv,176 p. _b ill.,tables |
||
| 504 | _aIncludes appendix | ||
| 650 | _aSchool Administration,Examination and Tests | ||
| 700 | _aPauk,Walter | ||
| 850 | _aLCLIB | ||
| 942 | _cBK | ||
| 999 |
_c9055 _d59534 |
||